000 00759nam a2200229 a 4500
001 BRL_1254
005 20190320211119.0
008 051213s1948----mx-a######---#000-0#spa-#
041 _aspa
044 _amx
050 4 _aF1336
_b.M43 1948
100 1 _aMeade, Joaquín
_d1896-1971
_923348
245 1 0 _aArqueología de San Luis Potosí
_cJoaquín Meade.
260 _aMéxico
_bEdiciones de la Sociedad Mexicana de Geografía y Estadística
_c1948
300 _a203 p.
_bil., 1 mapa plegable
_c20 cm.
440 0 _aTemas de México - Serie Historia
_v4
_926285
500 _aIncluye índice alfabético e índice de láminas
500 _aAu1448
651 4 _aSan Luis Potosí (México : Estado)
_xAntigüedades
_926286
902 _aGRL
942 _2lcc
_cB
999 _c10066
_d10066